|
|
|
|
| LEADER |
01121nam a2200373 4500 |
| 001 |
DLU110127089 |
| 005 |
##20111025 |
| 008 |
##031014s2004 paua b 001 0 eng |
| 010 |
# |
# |
|a 2003022613
|
| 020 |
# |
# |
|a 1591401941 (hardcover)
|
| 020 |
# |
# |
|a 159140195X (ebook)
|
| 020 |
# |
# |
|a 1591402778 (pbk.)
|
| 040 |
# |
# |
|a DLC
|c DLC
|d DLC
|d DLC
|
| 042 |
# |
# |
|a pcc
|
| 082 |
# |
# |
|a 006.3
|b MO-M
|
| 100 |
# |
# |
|a Mohammadian, Masoud.
|
| 245 |
# |
# |
|a Intelligent agents for data mining and information retrieval /
|c Masoud Mohammadian.
|
| 260 |
# |
# |
|a Hershey, PA :
|b Idea Group Pub.,
|c c2004.
|
| 300 |
# |
# |
|a xiv, 309 p. :
|b ill. ;
|c 26 cm.
|
| 504 |
# |
# |
|a Includes bibliographical references and index.
|
| 650 |
# |
# |
|a Data mining.
|
| 650 |
# |
# |
|a Database management.
|
| 650 |
# |
# |
|a Intelligent agents (Computer software).
|
| 856 |
# |
# |
|3 Table of contents
|u http://www.loc.gov/catdir/toc/ecip0410/2003022613.html
|
| 923 |
# |
# |
|a 01/2011CT
|
| 991 |
# |
# |
|a GT
|
| 994 |
# |
# |
|a KCT
|
| 900 |
# |
# |
|a True
|
| 911 |
# |
# |
|a Đào Thị Thu Huyền
|
| 925 |
# |
# |
|a G
|
| 926 |
# |
# |
|a A
|
| 927 |
# |
# |
|a SH
|
| 980 |
# |
# |
|a Thư viện Trường Đại học Đà Lạt
|